Nietzsche első magyar olvasatai

Elmentve itt :
Bibliográfiai részletek
Szerző: Laczkó Sándor
Dokumentumtípus: Könyv része
Megjelent: Pro Philosophia Szegediensi Alapítvány Szeged, Magyarország 2011
Sorozat:Don Quijote.hu – avagy a filozófia vándorútjai : tanulmányok és egyéb írások Csejtei Dezső tiszteletére 60. születésnapja alkalmából
Kulcsszavak:Filozófia
Filozófiatörténet
Emlékkönyv
Csejtei Dezső
Filozófia tanulmányok
mtmt:2515079
Online Access:http://publicatio.bibl.u-szeged.hu/4942
LEADER 01056naa a2200253 i 4500
001 publ4942
005 20190402091317.0
008 150226s2011 hu o 0|| magyar d
020 |a 9789638881229 
024 7 |a 2515079  |2 mtmt 
040 |a SZTE Publicatio Repozitórium  |b hun 
041 |a magyar 
100 1 |a Laczkó Sándor 
245 1 0 |a Nietzsche első magyar olvasatai  |h [elektronikus dokumentum] /  |c  Laczkó Sándor 
260 |a Pro Philosophia Szegediensi Alapítvány  |b Szeged, Magyarország  |c 2011 
300 |a 157-162 
490 0 |a Don Quijote.hu – avagy a filozófia vándorútjai : tanulmányok és egyéb írások Csejtei Dezső tiszteletére 60. születésnapja alkalmából 
695 |a Filozófia 
695 |a Filozófiatörténet 
695 |a Emlékkönyv 
695 |a Csejtei Dezső 
695 |a Filozófia tanulmányok 
856 4 0 |u http://publicatio.bibl.u-szeged.hu/4942/1/Nietzsche%20els%C5%91%20magyar%20olvasatai%201.pdf  |z Dokumentum-elérés  
856 4 0 |u http://publicatio.bibl.u-szeged.hu/4942/7/2515079.pdf  |z Dokumentum-elérés